Productividad y calidad: su medición como base del mejoramiento
Збережено в:
| Автори: | , , |
|---|---|
| Формат: | Книга |
| Мова: | Іспанська |
| Опубліковано: |
Ciudad de México
Editorial Trillas
1985
|
| Редагування: | 1a. ed |
| Предмети: | |
| Теги: |
Додати тег
Немає тегів, Будьте першим, хто поставить тег для цього запису!
|
MARC
| LEADER | 00000cam a2200000 a 4500 | ||
|---|---|---|---|
| 001 | UCD6155 | ||
| 003 | CL-VaPUC | ||
| 008 | 161118e19850000mx |||||||||||||||||spa|d | ||
| 020 | |a 9682417317 | ||
| 082 | 0 | 4 | |a 658.5 |b ADA |2 21 |
| 100 | 0 | |a Adam, Everett E |e author |9 589849 | |
| 700 | 0 | |a Hershauer, James C |e author |9 589850 | |
| 700 | 0 | |a Ruch, William A |e author |9 589851 | |
| 245 | 1 | 0 | |a Productividad y calidad: su medición como base del mejoramiento |
| 250 | |a 1a. ed | ||
| 300 | |a 210 p | ||
| 942 | |c BK | ||
| 945 | |d 20161118 09:36:00 |a arojas | ||
| 260 | |a Ciudad de México |b Editorial Trillas |c 1985 | ||
| 650 | 0 | |a Productividad |9 335972 | |
| 650 | 0 | |a Gestión de la producción |9 259467 | |
| 650 | 0 | |a Control de calidad |9 259714 | |
| 583 | |a last modification |c 20161118 09:36:00 |k Rodrigo Vera | ||
| 999 | |c 366530 |d 366528 | ||